[Event "Gatineau Printemps-B"]
[Site "Gatineau CAN"]
[Date "2017.04.11"]
[Round "4"]
[White "Rioux, Jocelyn"]
[Black "Clermont, Yves"]
[Result "1-0"]
[WhiteElo "1485"]
[BlackElo "1209"]
[WhiteFideId "-1"]
[WhiteFideId "-1"]
[PlyCount "108"]
[GameId "2160767908478068"]
[EventDate "2017.03.21"]
[EventType "swiss"]
[EventRounds "4"]
[EventCountry "CAN"]
[SourceTitle "EXT 2022"]
[Source "ChessBase"]
[SourceDate "2021.10.06"]
[SourceVersion "1"]
[SourceVersionDate "2021.10.06"]
[SourceQuality "1"]

1. e4 c5 2. Nf3 e6 3. Nc3 d6 4. d4 cxd4 5. Nxd4 Nf6 6. Be3 a6 7. Be2 Be7 8. O-O O-O 9. a4 Bd7 10. a5 Qc7 11. Qd2 Nc6 12. Nxc6 Bxc6 13. f3 Rac8 14. Rfd1 Qb8 15. Bg5 Rfd8 16. Na4 Bxa4 17. Rxa4 b5 18. Rd4 e5 19. Rd3 Qa7+ 20. Be3 Qc7 21. Bb6 Qxc2 22. Qxc2 Rxc2 23. Bxd8 Bxd8 24. Rxd6 Be7 25. Rd8+ Bf8 26. R1d2 Rxd2 27. Rxd2 Bc5+ 28. Kf1 h5 29. Rd8+ Kh7 30. Ra8 b4 31. Rxa6 Nd7 32. Rc6 Bd4 33. b3 Nc5 34. Bc4 Nb7 35. Ra6 Nc5 36. Ra8 g6 37. Bxf7 Nd3 38. Rb8 Kg7 39. Bc4 Ne1 40. Kxe1 g5 41. Rxb4 Bc3+ 42. Ke2 Bxb4 43. a6 Bc5 44. b4 Ba7 45. Be6 Kf6 46. Bf5 h4 47. Kd3 Ke7 48. Kc4 Kd6 49. b5 Kc7 50. Kd5 Bd4 51. a7 Kb7 52. b6 Bxb6 53. Kxe5 Bxa7 54. Ke6 Kc8 1-0

[Event "Gatineau Printemps-B"]
[Site "Gatineau CAN"]
[Date "2017.04.11"]
[Round "4"]
[White "Traversy, Pierre"]
[Black "Arcand, Pierre"]
[Result "0-1"]
[WhiteElo "1232"]
[BlackElo "1188"]
[WhiteFideId "-1"]
[WhiteFideId "-1"]
[PlyCount "100"]
[GameId "2160767908478069"]
[EventDate "2017.03.21"]
[EventType "swiss"]
[EventRounds "4"]
[EventCountry "CAN"]
[SourceTitle "EXT 2022"]
[Source "ChessBase"]
[SourceDate "2021.10.06"]
[SourceVersion "1"]
[SourceVersionDate "2021.10.06"]
[SourceQuality "1"]

1. d4 d5 2. Nf3 Nf6 3. Nc3 e6 4. Bg5 Be7 5. e3 O-O 6. Bd3 Nbd7 7. O-O h6 8. Bh4 c5 9. Ne5 cxd4 10. exd4 Qb6 11. Bb5 Qd6 12. Re1 a6 13. Bd3 Qb4 14. Ne2 Qxb2 15. Qd2 Nxe5 16. Reb1 Qa3 17. dxe5 Nd7 18. Rb3 Qc5 19. Rc3 Qb4 20. Bg3 Bg5 21. f4 Be7 22. Bf2 Qa5 23. a3 f6 24. Bd4 Bb4 25. Qe1 Bxc3 26. Bxc3 Qd8 27. Qg3 f5 28. Nd4 Qe7 29. Nf3 Nc5 30. Nh4 Rf7 31. Bb4 a5 32. Bc3 Nxd3 33. Bd4 Nc5 34. Qe1 Ne4 35. Ng6 Qd8 36. Rb1 Ra6 37. Qe3 Rc6 38. c3 Qd7 39. Rb5 Rxc3 40. Bxc3 Qxb5 41. h4 Qb3 42. Qd4 Qxc3 43. Qb6 Qe1+ 44. Kh2 Qg3+ 45. Kg1 Qxg6 46. Qxa5 Rd7 47. Qa8 Qe8 48. a4 d4 49. h5 d3 50. Qa5 d2 0-1

[Event "Gatineau Rentree-A"]
[Site "Gatineau CAN"]
[Date "2017.09.12"]
[Round "1"]
[White "Gagnon, Fabien"]
[Black "Solunac, Stephen"]
[Result "1-0"]
[WhiteElo "1844"]
[BlackElo "1757"]
[WhiteFideId "-1"]
[WhiteFideId "-1"]
[PlyCount "97"]
[GameId "2160767908338575"]
[EventDate "2017.09.12"]
[EventType "swiss"]
[EventRounds "6"]
[EventCountry "CAN"]
[SourceTitle "EXT 2022"]
[Source "ChessBase"]
[SourceDate "2021.10.06"]
[SourceVersion "1"]
[SourceVersionDate "2021.10.06"]
[SourceQuality "1"]

1. Nf3 f5 2. g3 Nf6 3. Bg2 e6 4. O-O d5 5. d4 Bd6 6. c4 c6 7. b3 O-O 8. Ba3 Bxa3 9. Nxa3 Bd7 10. Nc2 Be8 11. Nce1 Nbd7 12. Nd3 Ne4 13. Nfe5 Ndf6 14. c5 Bh5 15. f3 Ng5 16. Qd2 Nf7 17. b4 Nxe5 18. Nxe5 Nd7 19. Nxd7 Qxd7 20. Rab1 a6 21. Rb3 Rae8 22. f4 h6 23. a4 Rc8 24. Rfb1 Be8 25. e3 Qe7 26. Bf1 g5 27. b5 axb5 28. axb5 g4 29. bxc6 Bxc6 30. Bb5 Rfd8 31. Bxc6 bxc6 32. Rb7 Rd7 33. R7b6 Rdc7 34. Ra1 Ra7 35. Ra5 Kf8 36. Qb4 Rxa5 37. Qxa5 Ke8 38. Qa6 Qd7 39. Kf2 Kd8 40. Rb7 Rc7 41. Qb6 h5 42. Ke2 Qg7 43. Rb8+ Kd7 44. Ra8 Qe7 45. Qb8 e5 46. fxe5 Ke6 47. Qg8+ Kd7 48. e6+ Qxe6 49. Qd8# 1-0

[Event "Gatineau Rentree-A"]
[Site "Gatineau CAN"]
[Date "2017.09.12"]
[Round "1"]
[White "Raymond, Daniel"]
[Black "Desjardins, Michel"]
[Result "0-1"]
[WhiteElo "1768"]
[BlackElo "1922"]
[WhiteFideId "-1"]
[WhiteFideId "-1"]
[PlyCount "68"]
[GameId "2160767908338576"]
[EventDate "2017.09.12"]
[EventType "swiss"]
[EventRounds "6"]
[EventCountry "CAN"]
[SourceTitle "EXT 2022"]
[Source "ChessBase"]
[SourceDate "2021.10.06"]
[SourceVersion "1"]
[SourceVersionDate "2021.10.06"]
[SourceQuality "1"]

1. e4 d5 2. exd5 Qxd5 3. Nc3 Qd6 4. d4 Nf6 5. Nf3 c6 6. Be2 Bf5 7. Ne5 Nbd7 8. Bf4 Nxe5 9. Bxe5 Qb4 10. Rb1 e6 11. O-O Be7 12. a3 Qa5 13. Bd3 Bg6 14. Re1 O-O 15. Bxg6 hxg6 16. Qe2 Rfd8 17. Rbd1 Nd7 18. Bg3 Qb6 19. b4 a5 20. Na4 Qa6 21. Qxa6 Rxa6 22. Bc7 Rc8 23. Bxa5 b6 24. Nxb6 Nxb6 25. Bxb6 Rxb6 26. c4 Bf6 27. Rd3 Ra8 28. Rb1 Rba6 29. b5 cxb5 30. c5 Rxa3 31. Rdd1 R3a4 32. Rxb5 Rxd4 33. Rc1 Rc8 34. c6 Rxc6 0-1

[Event "Gatineau Rentree-A"]
[Site "Gatineau CAN"]
[Date "2017.09.12"]
[Round "1"]
[White "Solunac, Sasha"]
[Black "Jobin, Gilles G"]
[Result "1-0"]
[WhiteElo "1938"]
[BlackElo "1835"]
[WhiteFideId "-1"]
[WhiteFideId "-1"]
[PlyCount "123"]
[GameId "2160767908338577"]
[EventDate "2017.09.12"]
[EventType "swiss"]
[EventRounds "6"]
[EventCountry "CAN"]
[SourceTitle "EXT 2022"]
[Source "ChessBase"]
[SourceDate "2021.10.06"]
[SourceVersion "1"]
[SourceVersionDate "2021.10.06"]
[SourceQuality "1"]

1. e4 d6 2. d4 e5 3. Nf3 Nd7 4. Bc4 Be7 5. Nc3 h6 6. Be3 c6 7. O-O b5 8. Bb3 a5 9. a4 b4 10. Ne2 Ba6 11. Re1 Ngf6 12. Ng3 Qc7 13. dxe5 dxe5 14. Nd2 Nc5 15. Bc4 Bxc4 16. Nxc4 Rd8 17. Qe2 O-O 18. f3 Nfd7 19. Qf2 Rfe8 20. Nf5 Nb7 21. Qg3 Bf6 22. Bxh6 g6 23. Be3 Bg7 24. Nh6+ Bxh6 25. Bxh6 Nb6 26. Ne3 Nd6 27. Bg5 Rd7 28. Bf6 Re6 29. Qh4 Rxf6 30. Qxf6 Nbc4 31. Nxc4 Nxc4 32. Rad1 Qa7+ 33. Kh1 Qf2 34. Qg5 Ne3 35. Rc1 Nxc2 36. Rf1 Qe2 37. h4 Rd2 38. h5 Kh7 39. hxg6+ fxg6 40. f4 Ne3 41. Rce1 Qxg2+ 42. Qxg2 Nxg2 43. Rc1 Nxf4 44. Rxc6 Re2 45. Rc5 Rxe4 46. Rxa5 Nd3 47. b3 Re2 48. Rd5 Nf2+ 49. Kg2 Nd3+ 50. Kf3 Nf4 51. Rd7+ Kh6 52. Rb7 Rb2 53. Rxb4 Ne2 54. Rb6 Nd4+ 55. Ke3 Rh2 56. Rg1 Nxb3 57. Rbxg6+ Kh7 58. Rg7+ Kh8 59. Rg8+ Kh7 60. R1g7+ Kh6 61. Rg2 Rh3+ 62. R2g3 1-0

[Event "Gatineau Rentree-A"]
[Site "Gatineau CAN"]
[Date "2017.09.19"]
[Round "2"]
[White "Desjardins, Michel"]
[Black "Solunac, Sasha"]
[Result "1/2-1/2"]
[WhiteElo "1922"]
[BlackElo "1938"]
[WhiteFideId "-1"]
[WhiteFideId "-1"]
[PlyCount "61"]
[GameId "2160767908338578"]
[EventDate "2017.09.12"]
[EventType "swiss"]
[EventRounds "6"]
[EventCountry "CAN"]
[SourceTitle "EXT 2022"]
[Source "ChessBase"]
[SourceDate "2021.10.06"]
[SourceVersion "1"]
[SourceVersionDate "2021.10.06"]
[SourceQuality "1"]

1. e4 e5 2. Nc3 Nf6 3. Bc4 Bc5 4. d3 d6 5. f4 c6 6. Nf3 Bg4 7. fxe5 Bxf3 8. Qxf3 dxe5 9. Qg3 O-O 10. Qxe5 Qb6 11. Qf5 Nbd7 12. Bb3 Rfe8 13. Bd2 Bd4 14. Na4 Qc7 15. O-O-O b5 16. Nc3 a5 17. Ne2 Bb6 18. a3 b4 19. a4 Nc5 20. Rhf1 Rad8 21. Bf4 Nxb3+ 22. cxb3 Qa7 23. Bg5 Be3+ 24. Kb1 Bxg5 25. Qxg5 h6 26. Qg3 Qe7 27. Qf3 Qe6 28. Ka2 c5 29. h3 Qe5 30. g4 Rd7 31. Ng3 1/2-1/2

[Event "Gatineau Rentree-A"]
[Site "Gatineau CAN"]
[Date "2017.09.19"]
[Round "2"]
[White "Jobin, Gilles G"]
[Black "Danilov, Alex"]
[Result "1/2-1/2"]
[WhiteElo "1835"]
[BlackElo "1668"]
[WhiteFideId "-1"]
[WhiteFideId "-1"]
[PlyCount "71"]
[GameId "2160767908338579"]
[EventDate "2017.09.12"]
[EventType "swiss"]
[EventRounds "6"]
[EventCountry "CAN"]
[SourceTitle "EXT 2022"]
[Source "ChessBase"]
[SourceDate "2021.10.06"]
[SourceVersion "1"]
[SourceVersionDate "2021.10.06"]
[SourceQuality "1"]

1. e4 e5 2. Nf3 Nc6 3. d4 d6 4. dxe5 dxe5 5. Qxd8+ Kxd8 6. Nc3 Bg4 7. Bg5+ f6 8. O-O-O+ Bd6 9. Be3 Nge7 10. Nb5 Nc8 11. Bc5 Ke7 12. Nxc7 Bxc5 13. Nxa8 Bd6 14. h3 Be6 15. Nd2 Kd7 16. Bc4 Bxc4 17. Nxc4 b5 18. Nxd6 Nxd6 19. Rxd6+ Kxd6 20. Rd1+ Nd4 21. c3 Rc8 22. Kb1 Rc4 23. cxd4 exd4 24. b3 Rc8 25. Rxd4+ Kc6 26. b4 Rxa8 27. f4 a5 28. bxa5 Rxa5 29. Kb2 Kc5 30. Rd7 Ra4 31. Rxg7 Rxe4 32. Rxh7 Re2+ 33. Kb3 Re3+ 34. Kb2 Re2+ 35. Kb3 Re3+ 36. Kb2 1/2-1/2

[Event "Gatineau Rentree-A"]
[Site "Gatineau CAN"]
[Date "2017.09.19"]
[Round "2"]
[White "Solunac, Stephen"]
[Black "Raymond, Daniel"]
[Result "0-1"]
[WhiteElo "1757"]
[BlackElo "1768"]
[WhiteFideId "-1"]
[WhiteFideId "-1"]
[PlyCount "56"]
[GameId "2160767908338580"]
[EventDate "2017.09.12"]
[EventType "swiss"]
[EventRounds "6"]
[EventCountry "CAN"]
[SourceTitle "EXT 2022"]
[Source "ChessBase"]
[SourceDate "2021.10.06"]
[SourceVersion "1"]
[SourceVersionDate "2021.10.06"]
[SourceQuality "1"]

1. d4 d5 2. Nf3 e6 3. c4 c5 4. cxd5 exd5 5. Nc3 Nc6 6. g3 Nf6 7. Bg2 Be7 8. O-O O-O 9. Bf4 Nh5 10. Bc1 Re8 11. e3 cxd4 12. Nxd4 Nf6 13. Qa4 Nxd4 14. Qxd4 Be6 15. Rd1 Qc7 16. Nxd5 Nxd5 17. Bxd5 Rad8 18. e4 Bc5 19. Bf4 Qb6 20. Qd2 Bg4 21. Rdc1 Bf3 22. Qc2 Bd4 23. Bc7 Qh6 24. Qd3 Bxe4 25. Qxd4 Rxd5 26. Qa4 b5 27. Qxe4 Rxe4 28. Bf4 Qe6 0-1

[Event "Gatineau Rentree-A"]
[Site "Gatineau CAN"]
[Date "2017.09.19"]
[Round "2"]
[White "Thibault, Mario"]
[Black "Gagnon, Fabien"]
[Result "1-0"]
[WhiteElo "1832"]
[BlackElo "1844"]
[WhiteFideId "-1"]
[WhiteFideId "-1"]
[PlyCount "63"]
[GameId "2160767908338581"]
[EventDate "2017.09.12"]
[EventType "swiss"]
[EventRounds "6"]
[EventCountry "CAN"]
[SourceTitle "EXT 2022"]
[Source "ChessBase"]
[SourceDate "2021.10.06"]
[SourceVersion "1"]
[SourceVersionDate "2021.10.06"]
[SourceQuality "1"]

1. e4 c6 2. d4 d5 3. exd5 cxd5 4. Bd3 Nc6 5. c3 Qc7 6. Nf3 Bg4 7. Nbd2 e6 8. Qc2 Rc8 9. a3 Bd6 10. h3 Bxf3 11. Nxf3 h6 12. Be3 Nf6 13. O-O O-O 14. Rac1 Nh5 15. Qd2 Bf4 16. Bb1 f5 17. c4 Bxe3 18. Qxe3 Qd6 19. Rfe1 dxc4 20. Rxc4 Nf4 21. Ba2 Rce8 22. Ne5 Nd5 23. Qc1 Nb6 24. Rc3 Nxe5 25. dxe5 Qd4 26. Rg3 Kf7 27. Qc2 g6 28. Rd3 Qf4 29. Qc7+ Re7 30. Bxe6+ Kxe6 31. Qd6+ Kf7 32. e6+ 1-0

[Event "Gatineau Rentree-A"]
[Site "Gatineau CAN"]
[Date "2017.09.26"]
[Round "3"]
[White "Danilov, Alex"]
[Black "Raymond, Daniel"]
[Result "0-1"]
[WhiteElo "1668"]
[BlackElo "1768"]
[WhiteFideId "-1"]
[WhiteFideId "-1"]
[PlyCount "90"]
[GameId "2160767908338582"]
[EventDate "2017.09.12"]
[EventType "swiss"]
[EventRounds "6"]
[EventCountry "CAN"]
[SourceTitle "EXT 2022"]
[Source "ChessBase"]
[SourceDate "2021.10.06"]
[SourceVersion "1"]
[SourceVersionDate "2021.10.06"]
[SourceQuality "1"]

1. Nf3 d5 2. c4 e6 3. e3 c5 4. b3 Nc6 5. Bb2 d4 6. exd4 cxd4 7. d3 Nf6 8. g3 e5 9. Bg2 Bd6 10. O-O O-O 11. Nbd2 Bf5 12. Qe2 Re8 13. Nh4 Be6 14. Ne4 Nxe4 15. Bxe4 Qd7 16. Nf3 f5 17. Bxc6 bxc6 18. Ng5 h6 19. Nxe6 Rxe6 20. Qc2 c5 21. Rae1 e4 22. Qe2 Rae8 23. Qh5 Qf7 24. Qxf7+ Kxf7 25. dxe4 fxe4 26. Bc1 Bc7 27. Bd2 Ra6 28. a4 Ba5 29. Bxa5 Rxa5 30. Rb1 d3 31. Rfd1 Ra6 32. f3 Rd6 33. fxe4 Rxe4 34. Rf1+ Kg6 35. Rfe1 Kf5 36. Kf2 Ke5 37. Rxe4+ Kxe4 38. Ke1 Ke3 39. Rb2 a5 40. Rg2 Rf6 41. Rg1 Rf2 42. Kd1 Kd4 43. Kc1 Kc3 44. Rd1 Re2 45. Kb1 d2 0-1

[Event "Gatineau Rentree-A"]
[Site "Gatineau CAN"]
[Date "2017.09.26"]
[Round "3"]
[White "Desjardins, Michel"]
[Black "Thibault, Mario"]
[Result "1/2-1/2"]
[WhiteElo "1922"]
[BlackElo "1832"]
[WhiteFideId "-1"]
[WhiteFideId "-1"]
[PlyCount "29"]
[GameId "2160767908338583"]
[EventDate "2017.09.12"]
[EventType "swiss"]
[EventRounds "6"]
[EventCountry "CAN"]
[SourceTitle "EXT 2022"]
[Source "ChessBase"]
[SourceDate "2021.10.06"]
[SourceVersion "1"]
[SourceVersionDate "2021.10.06"]
[SourceQuality "1"]

1. e4 c5 2. c3 g6 3. d4 cxd4 4. cxd4 d5 5. e5 Bg7 6. Nc3 f6 7. f4 a6 8. Qb3 e6 9. Nf3 Nc6 10. a4 fxe5 11. dxe5 Nh6 12. Be3 O-O 13. Bb6 Qe7 14. g3 Nf5 15. Bd3 1/2-1/2

[Event "Gatineau Rentree-A"]
[Site "Gatineau CAN"]
[Date "2017.10.03"]
[Round "4"]
[White "Raymond, Daniel"]
[Black "Dukic, Zachary"]
[Result "1/2-1/2"]
[WhiteElo "1768"]
[BlackElo "2247"]
[WhiteFideId "-1"]
[WhiteFideId "-1"]
[PlyCount "95"]
[GameId "2160767908338584"]
[EventDate "2017.09.12"]
[EventType "swiss"]
[EventRounds "6"]
[EventCountry "CAN"]
[SourceTitle "EXT 2022"]
[Source "ChessBase"]
[SourceDate "2021.10.06"]
[SourceVersion "1"]
[SourceVersionDate "2021.10.06"]
[SourceQuality "1"]

1. e4 e5 2. Nf3 Nc6 3. Bb5 a6 4. Ba4 Nf6 5. O-O Be7 6. Re1 b5 7. Bb3 O-O 8. a4 b4 9. d4 d6 10. h3 exd4 11. Nxd4 Nxd4 12. Qxd4 Be6 13. Qd3 d5 14. exd5 Nxd5 15. Bc4 Bc5 16. Qf3 Qh4 17. Nd2 Nf6 18. Ne4 Bxc4 19. Nxc5 Bd5 20. Qd3 a5 21. Be3 Qh5 22. Bd4 Qg5 23. Qg3 Qxg3 24. fxg3 Rfe8 25. Kf2 Ne4+ 26. Nxe4 Bxe4 27. c3 Rad8 28. Be3 bxc3 29. bxc3 Rb8 30. Re2 Bc6 31. h4 Rb3 32. Bf4 Rxe2+ 33. Kxe2 Rb7 34. Rd1 Kf8 35. Rd8+ Ke7 36. Rc8 Kd7 37. Rg8 g6 38. Rf8 Bd5 39. Kd3 Ra7 40. Kd4 Ra8 41. Rxa8 Bxa8 42. Kc5 Bc6 43. c4 Bxa4 44. Bd2 Bc6 45. Bxa5 Bxg2 46. Bd2 Ke6 47. Bf4 c6 48. Kd4 1/2-1/2

[Event "Gatineau Rentree-A"]
[Site "Gatineau CAN"]
[Date "2017.10.03"]
[Round "4"]
[White "Seguin, Hubert"]
[Black "Jobin, Gilles G"]
[Result "1-0"]
[WhiteElo "1597"]
[BlackElo "1835"]
[WhiteFideId "-1"]
[WhiteFideId "-1"]
[PlyCount "109"]
[GameId "2160767908338585"]
[EventDate "2017.09.12"]
[EventType "swiss"]
[EventRounds "6"]
[EventCountry "CAN"]
[SourceTitle "EXT 2022"]
[Source "ChessBase"]
[SourceDate "2021.10.06"]
[SourceVersion "1"]
[SourceVersionDate "2021.10.06"]
[SourceQuality "1"]

1. e4 d6 2. d4 Nf6 3. Nc3 Nbd7 4. g3 e5 5. Bg2 Be7 6. f4 c6 7. Nf3 Qc7 8. O-O O-O 9. Kh1 b5 10. a3 Ba6 11. Re1 Rfe8 12. h3 c5 13. d5 Bf8 14. f5 h6 15. g4 Nh7 16. g5 hxg5 17. Nxg5 Be7 18. Nxh7 Kxh7 19. Qh5+ Kg8 20. Ne2 Qd8 21. Ng1 Nf6 22. Qf3 Nh7 23. Qh5 Bf6 24. Nf3 Qe7 25. h4 Bb7 26. Ng5 Bxg5 27. hxg5 g6 28. fxg6 fxg6 29. Qxg6+ Qg7 30. Qxg7+ Kxg7 31. Bh3 Rh8 32. Kg2 Bc8 33. Bxc8 Raxc8 34. Rh1 Nf8 35. Rxh8 Kxh8 36. Bd2 Ng6 37. Rf1 Kg7 38. Kg3 b4 39. a4 Rf8 40. Rxf8 Kxf8 41. Kg4 Kf7 42. c3 b3 43. c4 Ne7 44. Ba5 Ng6 45. Bc7 Nf4 46. Kf5 Nd3 47. Bxd6 Nxb2 48. g6+ Kg8 49. Bxe5 Nxc4 50. Bc3 b2 51. Bxb2 Nxb2 52. d6 Nc4 53. e5 Nb6 54. e6 Nd5 55. e7 1-0

[Event "Gatineau Rentree-A"]
[Site "Gatineau CAN"]
[Date "2017.10.03"]
[Round "4"]
[White "Solunac, Stephen"]
[Black "Danilov, Alex"]
[Result "0-1"]
[WhiteElo "1757"]
[BlackElo "1668"]
[WhiteFideId "-1"]
[WhiteFideId "-1"]
[PlyCount "66"]
[GameId "2160767908338586"]
[EventDate "2017.09.12"]
[EventType "swiss"]
[EventRounds "6"]
[EventCountry "CAN"]
[SourceTitle "EXT 2022"]
[Source "ChessBase"]
[SourceDate "2021.10.06"]
[SourceVersion "1"]
[SourceVersionDate "2021.10.06"]
[SourceQuality "1"]

1. d4 Nf6 2. Nf3 e6 3. c4 b6 4. g3 Bb7 5. Bg2 Be7 6. Kf1 O-O 7. Nc3 Ne4 8. Qc2 f5 9. Ne5 d5 10. b3 Nxc3 11. Qxc3 Nd7 12. Nxd7 Qxd7 13. Bf4 Bf6 14. cxd5 Bxd5 15. Bxd5 exd5 16. Qxc7 Qxc7 17. Bxc7 Rac8 18. Be5 Rc2 19. e3 Rfc8 20. Bxf6 gxf6 21. Kg2 Kf7 22. Kf3 Ke6 23. h4 h5 24. a3 a5 25. b4 a4 26. b5 R8c3 27. Rhe1 Rc4 28. Re2 R2c3 29. Kf4 Rb3 30. Raa2 Rxb5 31. Rab2 Rb3 32. Rxb3 axb3 33. Rb2 Rc2 0-1

[Event "Gatineau Rentree-A"]
[Site "Gatineau CAN"]
[Date "2017.10.03"]
[Round "4"]
[White "Thibault, Mario"]
[Black "Solunac, Sasha"]
[Result "0-1"]
[WhiteElo "1832"]
[BlackElo "1938"]
[WhiteFideId "-1"]
[WhiteFideId "-1"]
[PlyCount "60"]
[GameId "2160767908338587"]
[EventDate "2017.09.12"]
[EventType "swiss"]
[EventRounds "6"]
[EventCountry "CAN"]
[SourceTitle "EXT 2022"]
[Source "ChessBase"]
[SourceDate "2021.10.06"]
[SourceVersion "1"]
[SourceVersionDate "2021.10.06"]
[SourceQuality "1"]

1. e4 e5 2. Nf3 Nc6 3. d4 exd4 4. Bc4 Bc5 5. c3 Qe7 6. O-O d3 7. e5 d6 8. b4 Bb6 9. exd6 Qxd6 10. a4 a6 11. Ba3 Qf4 12. Qxd3 Bf5 13. Qe2+ Qe4 14. Re1 Qxe2 15. Rxe2+ Nge7 16. Nbd2 O-O 17. Rae1 Ng6 18. h3 Nf4 19. Re5 Nxe5 20. Nxe5 Be6 21. Bf1 Rfd8 22. Ndc4 f6 23. Nxb6 cxb6 24. Nf3 Kf7 25. Nd4 Rac8 26. Bc1 Rxc3 27. Nxe6 Nxe6 28. Be3 Rd6 29. g3 Nd4 30. Kg2 Nc2 0-1

[Event "Gatineau Rentree-A"]
[Site "Gatineau CAN"]
[Date "2017.10.10"]
[Round "5"]
[White "Danilov, Alex"]
[Black "Gagnon, Fabien"]
[Result "0-1"]
[WhiteElo "1668"]
[BlackElo "1844"]
[WhiteFideId "-1"]
[WhiteFideId "-1"]
[PlyCount "92"]
[GameId "2160767908338588"]
[EventDate "2017.09.12"]
[EventType "swiss"]
[EventRounds "6"]
[EventCountry "CAN"]
[SourceTitle "EXT 2022"]
[Source "ChessBase"]
[SourceDate "2021.10.06"]
[SourceVersion "1"]
[SourceVersionDate "2021.10.06"]
[SourceQuality "1"]

1. Nf3 Nf6 2. c4 c6 3. e3 g6 4. b3 Bg7 5. Bb2 d5 6. Nc3 O-O 7. Qc2 Na6 8. a3 Bf5 9. d3 Re8 10. Be2 e5 11. e4 Bg4 12. O-O Qd7 13. Na2 d4 14. b4 Nc7 15. Nc1 h6 16. Ne1 Be6 17. Nb3 b6 18. f4 exf4 19. Nxd4 g5 20. Nxe6 Nxe6 21. Nf3 c5 22. Rad1 Qe7 23. Bc3 Ng4 24. Bd2 Bd4+ 25. Kh1 Nf2+ 26. Rxf2 Bxf2 27. Bc3 Rad8 28. Ne5 Bd4 29. Nc6 Qf6 30. Nxd8 Rxd8 31. Be1 Nf8 32. Bg4 Ng6 33. bxc5 bxc5 34. Rb1 Ne5 35. Qe2 Qd6 36. Rb7 Rb8 37. Rxb8+ Qxb8 38. Bf3 Qb3 39. h4 Qxa3 40. hxg5 hxg5 41. Kh2 Qxd3 42. Ba5 Qb1 43. Qe1 Qxe1 44. Bxe1 Nxc4 45. Bd1 Ne3 46. Be2 c4 0-1

[Event "Gatineau Rentree-A"]
[Site "Gatineau CAN"]
[Date "2017.10.10"]
[Round "5"]
[White "Jobin, Gilles G"]
[Black "Raymond, Daniel"]
[Result "1/2-1/2"]
[WhiteElo "1835"]
[BlackElo "1768"]
[WhiteFideId "-1"]
[WhiteFideId "-1"]
[PlyCount "107"]
[GameId "2160767908338589"]
[EventDate "2017.09.12"]
[EventType "swiss"]
[EventRounds "6"]
[EventCountry "CAN"]
[SourceTitle "EXT 2022"]
[Source "ChessBase"]
[SourceDate "2021.10.06"]
[SourceVersion "1"]
[SourceVersionDate "2021.10.06"]
[SourceQuality "1"]

1. e4 c5 2. c3 d5 3. exd5 Qxd5 4. d4 Nc6 5. Nf3 Bg4 6. Be2 e6 7. Qa4 cxd4 8. cxd4 Bb4+ 9. Nc3 Qa5 10. Qxa5 Bxa5 11. Be3 Nf6 12. O-O O-O 13. h3 Bh5 14. g4 Bg6 15. Ne5 Nb4 16. Nxg6 hxg6 17. Rac1 Nbd5 18. Nxd5 Nxd5 19. Rfd1 Rac8 20. Bd2 Bb6 21. Bc3 Rc7 22. Bf3 Rfc8 23. Bxd5 exd5 24. Rd3 Ba5 25. Kg2 b5 26. Re1 Bxc3 27. bxc3 Kf8 28. Ree3 Rc4 29. Re5 Rxc3 30. Rxc3 Rxc3 31. Rxd5 a6 32. a4 bxa4 33. Ra5 Ra3 34. Rxa6 Ke7 35. h4 Ra1 36. g5 a3 37. d5 a2 38. Kh2 f6 39. f4 f5 40. Kg2 Kd7 41. Kh2 Kc7 42. d6+ Kd7 43. Kg2 Ke6 44. Kh2 Rf1 45. d7+ Ke7 46. d8=Q+ Kxd8 47. Rxa2 Rxf4 48. Kg3 Rg4+ 49. Kh3 Ke7 50. Ra7+ Kf8 51. Ra8+ Kf7 52. Ra7+ Kg8 53. Ra8+ Kf7 54. Ra7+ 1/2-1/2

[Event "Gatineau Rentree-A"]
[Site "Gatineau CAN"]
[Date "2017.10.17"]
[Round "6"]
[White "Danilov, Alex"]
[Black "Seguin, Hubert"]
[Result "1-0"]
[WhiteElo "1668"]
[BlackElo "1597"]
[WhiteFideId "-1"]
[WhiteFideId "-1"]
[PlyCount "49"]
[GameId "2160767908338590"]
[EventDate "2017.09.12"]
[EventType "swiss"]
[EventRounds "6"]
[EventCountry "CAN"]
[SourceTitle "EXT 2022"]
[Source "ChessBase"]
[SourceDate "2021.10.06"]
[SourceVersion "1"]
[SourceVersionDate "2021.10.06"]
[SourceQuality "1"]

1. Nf3 d5 2. c4 c6 3. e3 Bg4 4. cxd5 Bxf3 5. gxf3 cxd5 6. Nc3 Nf6 7. Qa4+ Qd7 8. Bb5 Nc6 9. Ne2 e5 10. b3 Bd6 11. d4 O-O 12. Bb2 e4 13. fxe4 Nxe4 14. Rc1 Qf5 15. Rf1 Ne7 16. Bd7 Qh5 17. Ng3 Qf3 18. Qb5 f5 19. Be6+ Kh8 20. Qe2 Qg2 21. Nxe4 fxe4 22. h3 Nf5 23. Bxd5 Ng3 24. Qg4 Nf5 25. Qxg2 1-0

[Event "Gatineau Rentree-A"]
[Site "Gatineau CAN"]
[Date "2017.10.17"]
[Round "6"]
[White "Gagnon, Fabien"]
[Black "Raymond, Daniel"]
[Result "1-0"]
[WhiteElo "1844"]
[BlackElo "1768"]
[WhiteFideId "-1"]
[WhiteFideId "-1"]
[PlyCount "45"]
[GameId "2160767908338591"]
[EventDate "2017.09.12"]
[EventType "swiss"]
[EventRounds "6"]
[EventCountry "CAN"]
[SourceTitle "EXT 2022"]
[Source "ChessBase"]
[SourceDate "2021.10.06"]
[SourceVersion "1"]
[SourceVersionDate "2021.10.06"]
[SourceQuality "1"]

1. e4 c5 2. d4 cxd4 3. Nf3 d5 4. exd5 Nf6 5. Bb5+ Bd7 6. Bc4 Bg4 7. Qxd4 Bxf3 8. gxf3 g6 9. Be3 Bg7 10. Nc3 O-O 11. Qd2 a6 12. O-O-O b5 13. Bb3 Nbd7 14. Bd4 Rc8 15. Qe3 Re8 16. h4 Qc7 17. Kb1 Qb7 18. h5 a5 19. a4 b4 20. Ne4 Nxh5 21. Rxh5 gxh5 22. Rg1 f6 23. Qh6 1-0

[Event "Gatineau Rentree-A"]
[Site "Gatineau CAN"]
[Date "2017.10.17"]
[Round "6"]
[White "Jobin, Gilles G"]
[Black "Desjardins, Michel"]
[Result "1/2-1/2"]
[WhiteElo "1835"]
[BlackElo "1922"]
[WhiteFideId "-1"]
[WhiteFideId "-1"]
[PlyCount "61"]
[GameId "2160767908338592"]
[EventDate "2017.09.12"]
[EventType "swiss"]
[EventRounds "6"]
[EventCountry "CAN"]
[SourceTitle "EXT 2022"]
[Source "ChessBase"]
[SourceDate "2021.10.06"]
[SourceVersion "1"]
[SourceVersionDate "2021.10.06"]
[SourceQuality "1"]

1. d4 d5 2. Nc3 Bf5 3. e3 e6 4. Nf3 Nf6 5. Bd3 Bxd3 6. Qxd3 c6 7. O-O Bd6 8. e4 dxe4 9. Nxe4 Nxe4 10. Qxe4 Nd7 11. c4 Nf6 12. Qe2 O-O 13. Bg5 h6 14. Bxf6 Qxf6 15. Ne5 Rfd8 16. f4 c5 17. dxc5 Bxc5+ 18. Kh1 Rd4 19. Rad1 Rad8 20. Rxd4 Bxd4 21. g3 Bxe5 22. fxe5 Qg6 23. b3 Qd3 24. Qf2 Rd7 25. Kg1 a5 26. Re1 Kf8 27. Qc5+ Ke8 28. Qxa5 Qd4+ 29. Kf1 Qd3+ 30. Kg1 Qd4+ 31. Kf1 1/2-1/2